Guess the Soccer/Football Players (Images) - Statistics

General Stats
  • This quiz has been taken 383 times
  • The average score is 11 of 16
Answer Stats
Picture Answer % Correct
Lionel Messi
100%
Cristiano Ronaldo
99%
Kylian Mbappe
94%
Erling Haaland
93%
Son Heung Min
87%
Neymar Jr
84%
Harry Kane
83%
Pedri
77%
Rafael Leao
72%
Vini Jr
65%
Julian Alvarez
57%
Isco
46%
Pablo Gavi
30%
Luuk De Jong
26%
Anderson Talisca
25%
Rodrigo Bentancur
22%
No matching quizzes found
Score Distribution
Percent of People with Each Score
Percentile by Number Answered
Your Score History
You have not taken this quiz